মঙ্গলের দুহিতা/ (Record no. 347360)
[ view plain ]
| 000 -LEADER | |
|---|---|
| fixed length control field | 01833nam a2200433 a 4500 |
| 001 - CONTROL NUMBER | |
| control field | vtls000391158 |
| 003 - CONTROL NUMBER IDENTIFIER | |
| control field | NLI |
| 005 - DATE AND TIME OF LATEST TRANSACTION | |
| control field | 20210602191711.0 |
| 008 - FIXED-LENGTH DATA ELEMENTS--GENERAL INFORMATION | |
| fixed length control field | 110114s1994 ii a 000 1 ben |
| 020 ## - INTERNATIONAL STANDARD BOOK NUMBER | |
| Terms of availability | Rs. 30.00 |
| 039 #9 - LEVEL OF BIBLIOGRAPHIC CONTROL AND CODING DETAIL [OBSOLETE] | |
| -- | 201101140105 |
| -- | VLOAD |
| 040 ## - CATALOGING SOURCE | |
| Original cataloging agency | NLI : |
| Language of cataloging | eng |
| Transcribing agency | NLMARC21 |
| 041 1# - LANGUAGE CODE | |
| Language code of text/sound track or separate title | ben |
| Language code of original | eng |
| 044 ## - COUNTRY OF PUBLISHING/PRODUCING ENTITY CODE | |
| MARC country code | ii |
| 082 04 - DEWEY DECIMAL CLASSIFICATION NUMBER | |
| Classification number | 823 |
| Edition number | 22 |
| 100 1# - MAIN ENTRY--PERSONAL NAME | |
| Linkage | 880-01 |
| Personal name | বারোজ, এডগার রাইস্ |
| 9 (RLIN) | 2367 |
| 240 10 - UNIFORM TITLE | |
| Uniform title | Thuvia, The Maid of Mars |
| Real World Object URI | Bengali |
| 245 1# - TITLE STATEMENT | |
| Linkage | 880-02 |
| Title | মঙ্গলের দুহিতা/ |
| Statement of responsibility, etc. | এডগার রাইস্ বারোজ ; কিশোরদের জন্য বিশেষভাবে সম্পাদনা এবং পরিবেশনা : রথীন্দ্র সরকার ; অঙ্গসজ্জা : অনুপম রায় |
| 260 ## - PUBLICATION, DISTRIBUTION, ETC. | |
| Place of publication, distribution, etc. | কলকাতা : |
| Name of publisher, distributor, etc. | সাহিত্যয়ন, |
| Date of publication, distribution, etc. | 1994 |
| 300 ## - PHYSICAL DESCRIPTION | |
| Extent | [6], 119 p. : |
| Other physical details | ill.; |
| Dimensions | 23 cm. |
| 440 #0 - SERIES STATEMENT/ADDED ENTRY--TITLE | |
| Title | মঙ্গল অভিযান সিরিজ |
| Volume/sequential designation | চতুর্থ পর্ব |
| 9 (RLIN) | 198193 |
| 500 ## - GENERAL NOTE | |
| General note | Translation from English fiction Thuvia, The Maid of Mars into Bengali |
| 650 #0 - SUBJECT ADDED ENTRY--TOPICAL TERM | |
| Topical term or geographic name entry element | English fiction |
| General subdivision | Translations into Bengali |
| 9 (RLIN) | 497541 |
| 700 1# - ADDED ENTRY--PERSONAL NAME | |
| Linkage | 880-03 |
| Personal name | সরকার, রথীন্দ্র |
| Relationship | edt |
| 9 (RLIN) | 136 |
| 700 1# - ADDED ENTRY--PERSONAL NAME | |
| Linkage | 880-04 |
| 700 1# - ADDED ENTRY--PERSONAL NAME | |
| Linkage | 880-05 |
| 880 1# - ALTERNATE GRAPHIC REPRESENTATION | |
| Linkage | 100-01(B |
| a | Burroughs, Edgar Rice |
| 880 10 - ALTERNATE GRAPHIC REPRESENTATION | |
| Linkage | 245-02(B |
| a | Mangaler duhita |
| c | Edgar Rice Burroughs ; edited by Rathindra Sarkar ; illustrated by Anupam Ray |
| 880 1# - ALTERNATE GRAPHIC REPRESENTATION | |
| Linkage | 700-03(B |
| a | Sarkar, Rathindra |
| 4 | edt |
| 880 1# - ALTERNATE GRAPHIC REPRESENTATION | |
| Linkage | 700-04(B |
| 880 1# - ALTERNATE GRAPHIC REPRESENTATION | |
| Linkage | 700-05(B |
| 887 ## - NON-MARC INFORMATION FIELD | |
| Content of non-MARC field | Subrata Biswas |
| 901 ## - LOCAL DATA ELEMENT A, LDA (RLIN) | |
| a | 55411 |
| b | 08.08.97 |
| 902 ## - LOCAL DATA ELEMENT B, LDB (RLIN) | |
| a | J/B823 Bu989m |
| 904 ## - LOCAL DATA ELEMENT D, LDD (RLIN) | |
| a | Subrata Biswas |
| 942 ## - ADDED ENTRY ELEMENTS (KOHA) | |
| Source of classification or shelving scheme | Dewey Decimal Classification |
| Koha item type | Books |
| 949 ## - LOCAL PROCESSING INFORMATION (OCLC) | |
| -- | VIRTUAITEM |
| -- | 10000 |
| -- | 100 |
| 6 | DBA000055411BEN |
| Withdrawn status | Lost status | Damaged status | Not for loan | Collection code | Home library | Current library | Shelving location | Date acquired | Total Checkouts | Full call number | Barcode | Date last seen | Price effective from | Koha item type |
|---|---|---|---|---|---|---|---|---|---|---|---|---|---|---|
| National Library of India | National Library of India | J/B823 Bu989m | DBA000055411BEN | 02/06/2021 | 02/06/2021 | Books |
